000 01251naa a22003617a 4500
001 BR9607861
003 BR-BrBNA
005 20240918181602.0
007 ta
008 230509b bl.||||| |||| 00| 0 por d
040 _aBR-BrBNA
_bpor
_cBiblioteca Nacional de Agricultura
041 _a(Pt)
072 _aQ02; Q03
_b9410
090 _aQ02 BR9607861
100 1 _aCampos, G.
100 1 _aDayrell, I.
100 1 _aBatista, K.E.S.
100 1 _aSampaio, M.E.
100 1 _aCunha, M.R.R.
100 1 _aRaposos, R.E.
100 1 _aNaveira, R.M.L.P.
111 1 _a13. Congresso Nacional de Laticinios
_cJuiz de Fora, MG (Brazil)
_d17-21 Jul 1995
245 1 _aAvaliacao fisico-quimica de leites comercializados na regiao metropolitana de Belo Horizonte em 1994
260 3 _aJuiz de Fora, MG (Brasil):
_c1995.
500 _aAnais do 13. Congresso Nacional de Laticinios Juiz de Fora, MG (Brasil): 1995. p. 161-162 (BR9607861-AM)Q02
650 _aLeite
650 _aPasteurizacao
650 _aInspecao Sanitaria
650 _aMinas Gerais
773 0 _tAnais do 13. Congresso Nacional de Laticinios
_wQ02 BR9607861
_gJuiz de Fora, MG (Brasil), 1995. p. 161-162
909 _a202404
_bLucia
_c55
_dLucia Elande
942 _cAM
_2AGRIS
999 _c325949
_d325949